Ekonóm informačný spravodajca Ekonomickej univerzity v Bratislave

Guardado en:
Detalles Bibliográficos
Autor Corporativo: Ekonomická univerzita v Bratislave
Formato: Seriadas
Lenguaje:eslovaco
Publicado: Bratislava Ekonomická univerzita v Bratislave
Materias:
Etiquetas: Agregar Etiqueta
Sin Etiquetas, Sea el primero en etiquetar este registro!

MARC

LEADER 00000nas1a22000001 4500
001 s120670
005 20230912080140.3
041 0 |a slo 
044 |a SK 
245 1 0 |a Ekonóm  |b informačný spravodajca Ekonomickej univerzity v Bratislave 
264 1 |a Bratislava  |b Ekonomická univerzita v Bratislave 
500 |a Od júna 2008 vychádza iba v online verzii 
610 2 0 |a univerzity 
610 2 0 |a Ekonomická univerzita v Bratislave 
710 2 |a Ekonomická univerzita v Bratislave